| 000 | 00412nam a22001697a 4500 | ||
|---|---|---|---|
| 003 | MACL | ||
| 005 | 20160115163114.0 | ||
| 008 | 160115b xxu||||| |||| 00| 0 eng d | ||
| 040 | _cMACL | ||
| 041 | _aEnglish | ||
| 082 | _a610/KAP | ||
| 100 |
_aDr.Kapoor,R.K. _932698 |
||
| 245 | _aControl IDS Thru Homoeopathy | ||
| 260 |
_aNew Delhi _bOcean Books _c2010 |
||
| 650 |
_aAIDS Medical _932699 |
||
| 942 |
_2ddc _cBK |
||
| 999 |
_c52512 _d52512 |
||